000 00902nam a22002897a 4500
001 7287
003 FISKH
005 20250708132432.0
008 250708b cb ||||| |||| 00| 0 eng d
020 _a9781406360202
040 _aFISKH
_beng
_cFISKH
_dFISKH
050 _a PZ7.H7875 P
082 _a823.914
100 _aHorowitz, Anthony
_d(1955-)
245 _aAlex rider :
_bPoint blanc /
_cAnthony Horowitz
250 _aThis edition first published in 2015
260 _aLondon :
_bWalker Books,
_c2001
300 _a303 pages :
_c20 cm
505 _aR
520 _aFourteen-year-old Alex continues his work as a spy for the British MI6, investigating an exclusive school for boys in the French Alps.
521 8 _a670
_bLexile
521 8 _aR
_bRaz-Plus
650 _2Alex Rider
_aYoung adult
650 _2Anthony Horowitz
_aTeen spy
942 _2ddc
_cBK
_n0
999 _c7287
_d7287